Diseño de la comunidad La Aldea en Abangares de Guanacaste bajo el concepto de una arquitectura de la nueva sensibilidad
Zapisane w:
| 1. autor: | |
|---|---|
| Kolejni autorzy: | |
| Format: | Nieznany |
| Język: | Spanish |
| Wydane: |
[San José,Costa Rica]
2014
|
| Hasła przedmiotowe: | |
| Dostęp online: | https://cedi.ucr.ac.cr/arquitectura/diseno-de-la-comunidad-la-aldea-en-colorado-de-abangares-bajo-el-concepto-de-una-arquitectura-de-la-nueva-sensibilidad/ |
| Etykiety: |
Dodaj etykietę
Nie ma etykietki, Dołącz pierwszą etykiete!
|
MARC
| LEADER | 00000 a2200000 4500 | ||
|---|---|---|---|
| 003 | EA0098 | ||
| 005 | 20231005161100.0 | ||
| 008 | 140114s2014 cr a 000 ||spa d | ||
| 040 | |c cru CEDI | ||
| 090 | |a TFG EA-098 | ||
| 100 | |a Gutiérrez Rodríguez, María Isabel |9 20148 | ||
| 245 | |a Diseño de la comunidad La Aldea en Abangares de Guanacaste bajo el concepto de una arquitectura de la nueva sensibilidad | ||
| 260 | |a [San José,Costa Rica] |c 2014 | ||
| 500 | |a Proyecto de graduación(licenciatura en arquitectura)--Universidad de Costa Rica. Facultad de Ingeniería. Escuela de Arquitectura, | ||
| 501 | |a Director del proyecto: Dr Arq. José Enrique Garnier Zamora | ||
| 650 | |x ASOCIACION COMUNIDAD LA ALDEA (COSTA RICA) |x ARQUITECTURA - DISEÑOS Y PLANOS |x ANCIANOS - COSTA RICA |x ANCIANOS - ASPECTOS SOCIALES - COLORADO (ABANGARES, GUANACASTE, COSTA RICA) |9 20149 | ||
| 700 | |9 72 |a Garnier Zamora, José Enrique, 1957- |d Director del TFG | ||
| 856 | |u https://cedi.ucr.ac.cr/arquitectura/diseno-de-la-comunidad-la-aldea-en-colorado-de-abangares-bajo-el-concepto-de-una-arquitectura-de-la-nueva-sensibilidad/ |y https://cedi.ucr.ac.cr/arquitectura/diseno-de-la-comunidad-la-aldea-en-colorado-de-abangares-bajo-el-concepto-de-una-arquitectura-de-la-nueva-sensibilidad/ | ||
| 942 | |c CEDI |2 ddc | ||
| 999 | |c 11642 |d 11642 | ||
